Políticas migratorias sub-nacionales en México : evaluación de las oficinas estatales de atención a migrantes /
Guardat en:
| Autor principal: | |
|---|---|
| Format: | Electrònic eBook |
| Idioma: | espanyol |
| Publicat: |
Puebla, México : México D.F. ; Madrid, España :
Benemérita Universidad Autónoma de Puebla ; Plaza y Valdés Editores,
[2012]
|
| Matèries: | |
| Accés en línia: | Digitalia Hispánica |
| Etiquetes: |
Afegir etiqueta
Sense etiquetes, Sigues el primer a etiquetar aquest registre!
|
MARC
| LEADER | 00000nam a2200000 i 4500 | ||
|---|---|---|---|
| 001 | DIGPLAVLDS0109 | ||
| 003 | NyNyDIG | ||
| 006 | m o d | ||
| 007 | cr ||||||||||| | ||
| 008 | 210524s2012 mx ob 000 0 spa d | ||
| 020 | |z 9786074025675 | ||
| 035 | |a (OCoLC)1257430506 | ||
| 040 | |a DGITA |b eng |e rda |e pn |c DGITA | ||
| 043 | |a n-mx--- | ||
| 050 | 1 | 4 | |a HB1991 ebook |
| 100 | 1 | |a Ortega Ramírez, Adriana Sletza, |e author. | |
| 245 | 1 | 0 | |a Políticas migratorias sub-nacionales en México : |b evaluación de las oficinas estatales de atención a migrantes / |c Adriana Sletza Ortega Ramírez. |
| 264 | 1 | |a Puebla, México : |b Benemérita Universidad Autónoma de Puebla ; |a México D.F. ; |a Madrid, España : |b Plaza y Valdés Editores, |c [2012] | |
| 300 | |a 1 online resource. | ||
| 336 | |a text |b txt |2 rdacontent | ||
| 337 | |a computer |b c |2 rdamedia | ||
| 338 | |a online resource |b cr |2 rdacarrier | ||
| 347 | |a text file |2 rdaft | ||
| 347 | |b PDF | ||
| 504 | |a Includes bibliographical references. | ||
| 588 | 0 | |a Online resource; title from PDF title page (Digitalia, viewed May 24, 2021) | |
| 651 | 0 | |a Mexico |x Emigration and immigration. | |
| 651 | 0 | |a Mexico |x Emigration and immigration |x Government polilcy. | |
| 655 | 0 | |a Electronic books. | |
| 791 | 2 | |a Digitalia (Firm), |e distributor. | |
| 793 | 0 | |g Digitalia eBook Collection: |a Plaza y Valdés Editores | |
| 776 | 0 | 8 | |i Print version: |a Ortega Ramírez, Adriana Sletza. |t Políticas migratorias sub-nacionales en México. |b Primera edición. |d Puebla, México : Benemérita Universidad Autónoma de Puebla ; México D.F. ; Madrid, España : Plaza y Valdés Editores, [2012] |z 9786074025675 |
| 856 | 4 | 0 | |3 Digitalia Hispánica |u https://digitalia.unach.elogim.com/a/52579/ |
| 910 | |a Premium collection: 2021 | ||